Gaming Quiz

Random Gaming or Pokémon Quiz

S-P-O-R-C-L-E Gaming Images Quiz Stats

 Plays Quiz not verified by Sporcle

Challenge
Share
Tweet
Score 0/21 Timer 05:00
0 Plays Today
% Correct
Scrabble
95.7%
Pac-man
95.7%
Operation
94.3%
Pikachu
93%
Risk
84.6%
Sonic the Hedgehog
83.7%
Squirtle
83.7%
Charmander
79.8%
Clue(do)
76.9%
Life
71.9%
Call of Duty
70.4%
% Correct
Rattata
67.9%
Eevee
67.1%
Oddish
64.7%
The Legend of Zelda
61%
Rock Band
59.9%
The Oregon Trail
58.9%
Lickitung
57.7%
Pictionary
39.9%
The Elder Scrolls
31.8%
Empire Builder
5.4%

You're not logged in!

Compare scores with friends on all Sporcle quizzes.
Join for Free
OR
Log In

You Might Also Like...

Show Comments

Extras

Top Quizzes Today


Score Distribution

Your Account Isn't Verified!

In order to create a playlist on Sporcle, you need to verify the email address you used during registration. Go to your Sporcle Settings to finish the process.

Report this User

Report this user for behavior that violates our Community Guidelines.

Details: